| 000 | 00487nam a2200181Ia 4500 | ||
|---|---|---|---|
| 008 | 191130s2009##################000#0#eng## | ||
| 020 | _a9788120326453 | ||
| 040 |
_aACL _cACL |
||
| 082 | _a005.74068 RAJ | ||
| 100 | _aRajesh ,Narang | ||
| 245 |
_aDatabase Management Systems _cNarang, Rajesh |
||
| 260 |
_aNew Delhi _bPHI Learning _c2009 |
||
| 300 | _a432p. ; | ||
| 650 | _aDatabase management | ||
| 990 | _a5b413e57ac10000c22e2e5abaeede6d1 | ||
| 991 | _a429372 | ||
| 999 |
_c255101 _d255101 |
||